1052 1707 1905 1087 1302 1645 1153 1395 1759 1179 1469 1487 1089 1086 1251 1050 1438 1200 1075 1379 1898 1670 1292 1474 1909 1084 1196 1543 1640 1497 1168 1194 1305 1949 1682 1758 1351 1631 1493 1693 1758 1779 1349 1238 1951 1880 1283 1725 1468 1969 1001 1729 1155 1996 1464 1050 1466 1175 1150 1804 1149 1219 1757 1021 1618 1374 1717 1972 1462 1521 1656 1148 1400 1938 1738 1651 1425 1319 1816 1406 1330 1053 1884 1920 1993 1272 1012 1770 1744 1963 1449 1369 1484 1055 1029 1733 1242 1407 1811 BCNSPRNW ULIB Ver.6.0+V

เปลี่ยนเป็นภาษาไทย

Change to English
 แสดงรายละเอียดบรรณานุกรม
  กลับหน้าหลัก

Brief Record : Get Marc (ISO 2709) : E-mail record : QR code < ปิดหน้าต่าง
LEADER : 00000nam 2200000uu 4500
001    13399120166
003     ULIB
008    120905s2554||||th 000 0 tha d
020    ^a9789747645569
060 04 ^aWY159^bย394ห
100 0  ^aยุพยงค์ ทังสุบุตร
245 10 ^aหลักและเทคนิคปฏิบัติการทางการพยาบาลเด็ก /^cยุพยงค์ ทังสุบุตร ... [และคนอื่นๆ]
250    ^aพิมพ์ครั้งที่ 3
260    ^aนนทบุรี :^bโครงการสวัสดิการวิชาการ สถาบันพระบรมราชชนก,^c2554
300    ^a178 หน้า :^bภาพประกอบ ;^c26 ซม.
650  7 ^aการพยาบาลกุมารเวชศาสตร์
650  7 ^aเด็ก^xการดูแล
710 2  ^aสถาบันพระบรมราชชนก. ^bโครงการสวัสดิการวิชาการ
945    ^p280^l0^i032792
945    ^p280^l0^i032792
945    ^p280^l0^i032793
945    ^p280^l0^i032794
945    ^p280^l0^i032795
945    ^p280^l0^i032879
995    ^aทศพร
999    ^aทศพร
รายการนี้ยังไม่มีแท็ก
คุณยังไม่ได้ล็อกอิน คุณสามารถมีกิจกรรมร่วมกับเว็บไซต์ได้ แต่ต้องล็อกอินก่อน ::
  ล็อกอิน

รายการสื่อสารสนเทศ

ลำดับที่ ประเภท เลขเรียก/บาร์โค้ด สถานที่ สถานะ
1. วิทยาศาสตร์การแพทย์ และสุขภาพ
หนังสือสำรอง
สถานะ=หนังสือสำรอง
WY159 ย394ห ฉ.1 
  Barcode: 032792
ห้องสมุดวิทยาเขตสวรรค์ประชารักษ์
►ส่วนจัดเก็บหนังสือเก่า สปร
บนชั้น
  ขอยืม
2. วิทยาศาสตร์การแพทย์ และสุขภาพ
วิทยาศาสตร์การแพทย์ และสุขภาพ
WY159 ย394ห ฉ.3 
  Barcode: 032793
ห้องสมุดวิทยาเขตสวรรค์ประชารักษ์
►ส่วนจัดเก็บหนังสือเก่า สปร
บนชั้น
  ขอยืม
3. วิทยาศาสตร์การแพทย์ และสุขภาพ
วิทยาศาสตร์การแพทย์ และสุขภาพ
WY159 ย394ห ฉ.5 
  Barcode: 032795
ห้องสมุดวิทยาเขตสวรรค์ประชารักษ์
►ส่วนจัดเก็บหนังสือเก่า สปร
บนชั้น
  ขอยืม
4. วิทยาศาสตร์การแพทย์ และสุขภาพ
วิทยาศาสตร์การแพทย์ และสุขภาพ
WY159 ย394ห ฉ.6 
  Barcode: 032879
ห้องสมุดวิทยาเขตสวรรค์ประชารักษ์
►หนังสือทั่วไป
บนชั้น

รายการใกล้เคียง
    ผู้แต่ง [ยุพยงค์ ทังสุบุตร]

    หัวเรื่อง [การพยาบาลกุมารเวชศาสตร์]
    หัวเรื่อง [เด็ก การดูแล]

BibComment


ยังไม่เคยถูกคอมเมนท์

คอมเมนท์ทรัพยากรรายการนี้
  คอมเมนท์: หลักและเทคนิคปฏิ..


 Copyright 2026. Bcnsprnw @Library